LDR 00709naa#a2200181#i#450# 001 RU\\bibl\121618 005 20260501114816.5 011 ## _a1994-5655 100 ## _a20260428b2026####ek#y0rusy0150####ca 102 ## _aRU 200 1# _aОт редакционной коллегии _eЖурнальная статья 210 1# _aСыктывкар _cФГБУ ФИЦ «Коми научный центр Уральского отделения Российской академии наук» _d2026 215 ## _a0 с. 608 ## _aЖурнальная статья _2local 700 #1 _aЖеребцов _gИ. Л. 700 #1 _aЯновский _gО. А. 700 #1 _aМеньковский _gВ. И. 856 4# _akomisc.editorum.ru _u